[Event "DEM U10/U10w 2010"]
[Site "Oberhof GER"]
[Date "2010.05.25"]
[Round "5"]
[White "Greßmann, Moritz"]
[Black "Graf, Clara Victoria"]
[Result "1/2-1/2"]
[Termination "normal"]
[Board "2"]
[WhiteElo "1600"]
[BlackElo "1736"]
[PlyCount "68"]
[WhiteFideId "24695084"]
[BlackFideId "1270339"]
[EventCountry "GER"]
[EventRounds "11"]
[EventType "swiss"]
[EventDate "2010.05.22"]

1. e4 c5 2. Nc3 Nc6 3. g3 g6 4. Bg2 Bg7 5. f4 d6 6. d3 Nf6 7. Nf3 O-O 8. O-O
Rb8 9. a4 a6 10. Nh4 Nd4 11. h3 e5 12. f5 gxf5 13. Nxf5 Bxf5 14. exf5 Qd7 15.
g4 h6 16. h4 Nh7 17. Ne4 f6 18. c3 Nc6 19. Be3 b6 20. Qc1 d5 21. Ng3 d4 22.
Bxh6 dxc3 23. bxc3 Qxd3 24. Nh5 Nd4 25. Bd5+ Rf7 26. Bxf7+ Kxf7 27. cxd4 Qxd4+
28. Qe3 Bxh6 29. Qxd4 cxd4 30. Ng3 Rg8 31. g5 fxg5 32. h5 Nf6 33. Rac1 Re8 34.
Rc7+ Re7 1/2-1/2

[Event "DEM U10/U10w 2010"]
[Site "Oberhof GER"]
[Date "2010.05.25"]
[Round "5"]
[White "Urban, Konstantin"]
[Black "Schröder, Kevin"]
[Result "0-1"]
[Termination "normal"]
[Board "3"]
[WhiteElo "1241"]
[BlackElo "1557"]
[PlyCount "154"]
[WhiteFideId "12927511"]
[BlackFideId "12929840"]
[EventCountry "GER"]
[EventRounds "11"]
[EventType "swiss"]
[EventDate "2010.05.22"]

1. e4 c5 2. Nf3 d6 3. d4 cxd4 4. Nxd4 Nf6 5. Nc3 a6 6. Bc4 e6 7. Bb3 Be7 8. O-O
O-O 9. f4 Nbd7 10. f5 Nc5 11. fxe6 Bxe6 12. Nxe6 fxe6 13. Bg5 b5 14. a3 h6 15.
Be3 Nxb3 16. cxb3 Qe8 17. Qe2 Qg6 18. Bd2 Rae8 19. Kh1 d5 20. exd5 exd5 21.
Qe6+ Kh8 22. Qxa6 Qd3 23. Rad1 Ng4 24. Qxb5 Qxb5 25. Nxb5 Nf2+ 26. Rxf2 Rxf2
27. Bc3 Bf6 28. Nd4 Re4 29. Kg1 Bxd4 30. Bxd4 Rff4 31. Bc5 d4 32. g3 Rf5 33.
Bxd4 Kg8 34. Bc3 Re2 35. Rf1 Rxf1+ 36. Kxf1 Rxh2 37. b4 Rh3 38. Kg2 Rh5 39. a4
Kf7 40. b5 Ke6 41. Bxg7 Kd6 42. b4 Kc7 43. g4 Rg5 44. Bc3 Rxg4+ 45. Kf3 Rc4 46.
Bd2 h5 47. a5 h4 48. b6+ Kb7 49. Be1 h3 50. Kg3 Rc1 51. Bf2 Rc2 52. b5 h2 53.
a6+ Kb8 54. Bd4 h1=Q 55. Be5+ Rc7 56. Bxc7+ Kc8 57. a7 Kb7 58. Kf4 Qf1+ 59. Ke4
Qxb5 60. Kd4 Qc6 61. Ke5 Kc8 62. Kd4 Kd7 63. Ke5 Qf3 64. Kd4 Ke6 65. Kc5 Qd5+
66. Kb4 Kf5 67. Kc3 Ke4 68. Kb4 Kd3 69. Be5 Qxe5 70. a8=Q Qc3+ 71. Kb5 Qc4+ 72.
Ka5 Qa2+ 73. Kb5 Qxa8 74. Kc5 Qb7 75. Kb5 Kd4 76. Ka4 Qxb6 77. Ka3 Kc3 0-1

[Event "DEM U10/U10w 2010"]
[Site "Oberhof GER"]
[Date "2010.05.25"]
[Round "5"]
[White "Schmidek, Emil"]
[Black "Mehsin, Yazan"]
[Result "1-0"]
[Termination "normal"]
[Board "4"]
[WhiteElo "1740"]
[BlackElo "1473"]
[PlyCount "75"]
[WhiteFideId "12908150"]
[EventCountry "GER"]
[EventRounds "11"]
[EventType "swiss"]
[EventDate "2010.05.22"]

1. d4 d5 2. c4 c6 3. Nf3 e6 4. Bf4 Nf6 5. e3 Nbd7 6. Nbd2 Be7 7. Qc2 dxc4 8.
Nxc4 Nd5 9. Bd6 b5 10. Bxe7 Qxe7 11. Nce5 Nxe5 12. Nxe5 Nb4 13. Qc3 Bb7 14. a3
Nd5 15. Qc2 Qc7 16. b4 a5 17. e4 Ne7 18. Rb1 axb4 19. axb4 Qd6 20. Qc5 Qd8 21.
Bxb5 O-O 22. Bd3 Ng6 23. Nxg6 fxg6 24. O-O Re8 25. Bc4 Kh8 26. Rfd1 Qc7 27. Ra1
Qf7 28. Ra7 Rf8 29. f3 h5 30. Rda1 h4 31. Qg5 h3 32. Qh4+ Kg8 33. Qxh3 Qf6 34.
Bxe6+ Rf7 35. Bxf7+ Kf8 36. Rxa8+ Bxa8 37. Rxa8+ Kxf7 38. Qd7+ 1-0

[Event "DEM U10/U10w 2010"]
[Site "Oberhof GER"]
[Date "2010.05.25"]
[Round "5"]
[White "Wächter, Nathalie"]
[Black "Lagunow, Raphael"]
[Result "0-1"]
[Termination "normal"]
[Board "5"]
[WhiteElo "1385"]
[BlackElo "1623"]
[PlyCount "74"]
[WhiteFideId "12921033"]
[BlackFideId "24652644"]
[EventCountry "GER"]
[EventRounds "11"]
[EventType "swiss"]
[EventDate "2010.05.22"]

1. e4 c5 2. Nf3 Nc6 3. d4 cxd4 4. Nxd4 Nf6 5. Nc3 e5 6. Ndb5 d6 7. Bg5 a6 8.
Na3 b5 9. Nd5 Be7 10. Bxf6 Bxf6 11. c3 Bg5 12. Nc2 O-O 13. a4 bxa4 14. Rxa4 f5
15. Bc4 Kh8 16. exf5 Bxf5 17. Rxa6 Rxa6 18. Bxa6 Qa5 19. Bc4 Qc5 20. Nce3 Bh4
21. O-O Bg6 22. Qg4 Bd8 23. Qd7 Be8 24. Qh3 e4 25. Qg4 Ne5 26. Qe2 Bg5 27. b4
Qc8 28. Ba6 Qd8 29. b5 Bh6 30. Ng4 Bh5 31. h3 Qh4 32. Nde3 Nf3+ 33. gxf3 exf3
34. Qd2 Bxg4 35. hxg4 Bf4 36. Rb1 Qh2+ 37. Kf1 Qh1# 0-1

[Event "DEM U10/U10w 2010"]
[Site "Oberhof GER"]
[Date "2010.05.25"]
[Round "5"]
[White "Kololli, Kevin"]
[Black "Höglauer, Patrick"]
[Result "0-1"]
[Termination "normal"]
[Board "6"]
[WhiteElo "1323"]
[BlackElo "1768"]
[PlyCount "54"]
[WhiteFideId "12936863"]
[BlackFideId "1270548"]
[EventCountry "GER"]
[EventRounds "11"]
[EventType "swiss"]
[EventDate "2010.05.22"]

1. d4 d6 2. c4 g6 3. Nc3 Nf6 4. Bg5 Bg7 5. Nf3 O-O 6. e3 c6 7. Bd3 a6 8. O-O b5
9. cxb5 axb5 10. Qc2 Nbd7 11. Ne4 Bb7 12. Ng3 Qb6 13. a3 Rac8 14. Qe2 e6 15.
Rac1 b4 16. a4 c5 17. b3 Bxf3 18. Qxf3 cxd4 19. exd4 Qxd4 20. Bc4 d5 21. Be3
Qh4 22. Bb5 Ng4 23. h3 Nde5 24. Qf4 Bh6 25. Qd4 Bxe3 26. fxe3 Qxg3 27. hxg4
Rxc1 0-1

[Event "DEM U10/U10w 2010"]
[Site "Oberhof GER"]
[Date "2010.05.25"]
[Round "5"]
[White "Peter, Anton"]
[Black "Krüger, David"]
[Result "0-1"]
[Termination "normal"]
[Board "7"]
[WhiteElo "1499"]
[BlackElo "1394"]
[PlyCount "34"]
[WhiteFideId "12901660"]
[BlackFideId "12921858"]
[EventCountry "GER"]
[EventRounds "11"]
[EventType "swiss"]
[EventDate "2010.05.22"]

1. d4 d5 2. c4 c6 3. Nc3 Nf6 4. Nf3 e6 5. Bg5 h6 6. Bh4 dxc4 7. e3 g5 8. Bg3 b5
9. a4 Qb6 10. b3 Bb4 11. Rc1 Nd5 12. Qd2 Nxc3 13. Rxc3 Qa5 14. Qc2 Bxc3+ 15.
Kd1 cxb3 16. Qxb3 bxa4 17. Qb1 a3 0-1

[Event "DEM U10/U10w 2010"]
[Site "Oberhof GER"]
[Date "2010.05.25"]
[Round "5"]
[White "Boehling, Richard"]
[Black "Vogel, Roven"]
[Result "0-1"]
[Termination "normal"]
[Board "8"]
[WhiteElo "1108"]
[BlackElo "1480"]
[PlyCount "150"]
[WhiteFideId "12946176"]
[BlackFideId "12908088"]
[EventCountry "GER"]
[EventRounds "11"]
[EventType "swiss"]
[EventDate "2010.05.22"]

1. e4 c6 2. d4 d5 3. exd5 cxd5 4. Nf3 Nc6 5. c4 Nf6 6. Nc3 e6 7. Bf4 Bd6 8.
Bxd6 Qxd6 9. Be2 Qb4 10. Qb3 Bd7 11. O-O Qxb3 12. axb3 a6 13. Rad1 Na5 14. Rfe1
O-O 15. Ne5 Bc6 16. b4 Nxc4 17. Nxc4 dxc4 18. Bxc4 Rad8 19. f3 Nd5 20. Nxd5
Bxd5 21. Bxd5 Rxd5 22. Re5 Rfd8 23. Rxd5 Rxd5 24. Rc1 f5 25. Rc8+ Kf7 26. Rc7+
Kf6 27. Rxb7 Rxd4 28. Rb6 Rd1+ 29. Kf2 Rd2+ 30. Kg3 Rxb2 31. Rxa6 Rxb4 32. h4
h6 33. h5 Rb1 34. Kh2 Re1 35. Rc6 Re5 36. Kg3 Rd5 37. Rb6 Rd7 38. Rc6 Re7 39.
Kf4 Rd7 40. Kg3 Ke5 41. f4+ Kd5 42. Ra6 Rc7 43. Ra5+ Kd6 44. Ra6+ Ke7 45. Ra5
Rc3+ 46. Kh2 Rc6 47. Re5 Rc4 48. Kg3 Re4 49. Ra5 Re1 50. Kh2 Rf1 51. Ra4 Kf6
52. Rb4 g6 53. hxg6 Kxg6 54. Rb6 Rxf4 55. Rxe6+ Kg5 56. Re5 Re4 57. Ra5 h5 58.
Ra7 Rh4+ 59. Kg3 f4+ 60. Kf3 Rg4 61. Ra5+ Kh4 62. Kf2 Rg5 63. Ra4 Kg4 64. Rb4
h4 65. Ra4 Rb5 66. Ra2 Rh5 67. Ra3 Rb5 68. Ra2 Rb3 69. Rc2 h3 70. gxh3+ Rxh3
71. Rc4 Rh2+ 72. Kg1 Rb2 73. Ra4 Kg3 74. Kf1 f3 75. Ke1 f2+ 0-1

[Event "DEM U10/U10w 2010"]
[Site "Oberhof GER"]
[Date "2010.05.25"]
[Round "5"]
[White "Fieberg, Samuel"]
[Black "Moses, Selina"]
[Result "0-1"]
[Termination "normal"]
[Board "9"]
[WhiteElo "1305"]
[BlackElo "1453"]
[PlyCount "126"]
[WhiteFideId "12901717"]
[BlackFideId "12908070"]
[EventCountry "GER"]
[EventRounds "11"]
[EventType "swiss"]
[EventDate "2010.05.22"]

1. e4 e5 2. Nf3 d6 3. d4 Nf6 4. Nc3 Nbd7 5. g3 Be7 6. Bg2 O-O 7. O-O c6 8. Nh4
Re8 9. Nf5 Nf8 10. f4 Bxf5 11. exf5 exd4 12. Qxd4 d5 13. b3 b6 14. Qd2 Bb4 15.
a3 Bd6 16. Bb2 Qd7 17. Rfe1 Qxf5 18. Na2 Be7 19. Qc3 Qd7 20. Rad1 Rad8 21. h3
Bd6 22. b4 Ng6 23. Nc1 Rxe1+ 24. Rxe1 Re8 25. Rxe8+ Qxe8 26. Qd2 Qe7 27. Nd3 h6
28. g4 Qc7 29. g5 hxg5 30. fxg5 Ne8 31. Qc3 Nf4 32. Nxf4 Bxf4 33. h4 Bg3 34. h5
Bf4 35. h6 Bxg5 36. hxg7 Bf6 37. Qh3 Bxg7 38. Bxg7 Nxg7 39. Qc3 Qd6 40. Qd3 Qe6
41. Bh3 Qg6+ 42. Qxg6 fxg6 43. Bc8 c5 44. Kf2 Kf8 45. Ke3 Ke7 46. Bb7 Ke6 47.
c3 Nf5+ 48. Kf4 Kd6 49. Bc8 Ne7 50. Bh3 Nf5 51. Bxf5 gxf5 52. Kxf5 cxb4 53.
axb4 a5 54. bxa5 bxa5 55. c4 dxc4 56. Ke4 a4 57. Kd4 a3 58. Kc3 Kc5 59. Kc2 Kb4
60. Kb1 c3 61. Ka1 Kb3 62. Kb1 c2+ 63. Ka1 c1=Q# 0-1

[Event "DEM U10/U10w 2010"]
[Site "Oberhof GER"]
[Date "2010.05.25"]
[Round "5"]
[White "Sieber, Fiona"]
[Black "Kreyssig, Bruno"]
[Result "0-1"]
[Termination "normal"]
[Board "10"]
[WhiteElo "1605"]
[BlackElo "1319"]
[PlyCount "100"]
[WhiteFideId "12902373"]
[BlackFideId "4692489"]
[EventCountry "GER"]
[EventRounds "11"]
[EventType "swiss"]
[EventDate "2010.05.22"]

1. e4 c5 2. Nf3 Nc6 3. d4 cxd4 4. Nxd4 Nf6 5. Nc3 d6 6. Bg5 e6 7. f4 Be7 8. Qd2
Bd7 9. O-O-O O-O 10. Ndb5 d5 11. e5 Ne8 12. Bxe7 Qxe7 13. g4 a6 14. Nd4 Nc7 15.
h4 Nxd4 16. Qxd4 Nb5 17. Bxb5 Bxb5 18. g5 g6 19. h5 Rfc8 20. hxg6 fxg6 21. f5
Qxg5+ 22. Kb1 Qxf5 23. Qh4 Qf7 24. Nxd5 exd5 25. e6 Qg7 26. e7 Re8 27. Rhe1 Bc6
28. c4 Qf7 29. Re5 d4 30. Rxd4 Qf1+ 31. Kc2 Qf7 32. Rd8 Rb8 33. Qd4 Rc8 34. b3
Rc7 35. Qd6 Rc8 36. Re6 Qf2+ 37. Kc3 Qf3+ 38. Kb2 Qf7 39. Rf6 Qg7 40. Rxc8 Rxc8
41. Qd8+ Be8 42. Qd6 Rc6 43. Qd5+ Kh8 44. Qg8+ Kxg8 45. Ka3 Qxf6 46. c5 Qxe7
47. b4 Qe3+ 48. Ka4 Rxc5+ 49. b5 Rxb5 50. a3 Qb3# 0-1

[Event "DEM U10/U10w 2010"]
[Site "Oberhof GER"]
[Date "2010.05.25"]
[Round "5"]
[White "Dürr, Florian"]
[Black "Kololli, Martin"]
[Result "1-0"]
[Termination "normal"]
[Board "11"]
[WhiteElo "1750"]
[BlackElo "1251"]
[PlyCount "43"]
[WhiteFideId "24659134"]
[BlackFideId "12936910"]
[EventCountry "GER"]
[EventRounds "11"]
[EventType "swiss"]
[EventDate "2010.05.22"]

1. e4 e5 2. Nf3 Nc6 3. Bb5 a6 4. Ba4 Nf6 5. O-O Bc5 6. c3 d6 7. d4 exd4 8. cxd4
Bb4 9. Bg5 b5 10. Bc2 Bg4 11. Nc3 Bxf3 12. gxf3 h6 13. Be3 Qd7 14. Kh1 O-O-O
15. a4 Na5 16. axb5 axb5 17. Na2 Nc6 18. d5 Ne5 19. Nxb4 Qh3 20. Bf4 Nxf3 21.
Bg3 Ng5 22. Qe2 1-0

[Event "DEM U10/U10w 2010"]
[Site "Oberhof GER"]
[Date "2010.05.25"]
[Round "5"]
[White "Herbrig, Alexander"]
[Black "Gungl, Theo"]
[Result "0-1"]
[Termination "normal"]
[Board "12"]
[WhiteElo "1270"]
[BlackElo "1682"]
[PlyCount "86"]
[WhiteFideId "12952044"]
[BlackFideId "24695653"]
[EventCountry "GER"]
[EventRounds "11"]
[EventType "swiss"]
[EventDate "2010.05.22"]

1. e4 c6 2. d4 d5 3. Nc3 dxe4 4. Nxe4 Bf5 5. Ng3 Bg6 6. Nf3 Nd7 7. Bd3 Ngf6 8.
Bxg6 hxg6 9. Qd3 e6 10. O-O Bd6 11. Bd2 Qc7 12. c3 O-O 13. Qe2 Rfe8 14. c4 e5
15. c5 Bf8 16. b4 exd4 17. Qd3 Rad8 18. Nxd4 Ne5 19. Qc3 Nd5 20. Qb2 Nd3 21.
Qb3 N5xb4 22. Bxb4 Rxd4 23. Bc3 Nxc5 24. Qa3 Rdd8 25. Qxa7 Ra8 26. Ba5 Qxa5 27.
Qxa5 Rxa5 28. f3 Rea8 29. Rf2 Nd3 30. Rd2 Nb4 31. Kf2 Rxa2 32. Raxa2 Rxa2 33.
Rxa2 Nxa2 34. Ke2 b5 35. Kd3 c5 36. Ne4 c4+ 37. Kc2 b4 38. Kb2 b3 39. Nc3 Nxc3
40. Kxc3 Ba3 41. h3 Kf8 42. g4 g5 43. Kd2 Bb2 0-1

[Event "DEM U10/U10w 2010"]
[Site "Oberhof GER"]
[Date "2010.05.25"]
[Round "5"]
[White "Wallat, Jessica"]
[Black "Baberz, Alexander"]
[Result "0-1"]
[Termination "normal"]
[Board "13"]
[WhiteElo "1045"]
[BlackElo "1567"]
[PlyCount "142"]
[WhiteFideId "12909637"]
[BlackFideId "12921734"]
[EventCountry "GER"]
[EventRounds "11"]
[EventType "swiss"]
[EventDate "2010.05.22"]

1. e4 c5 2. Nc3 Nc6 3. Nf3 g6 4. d4 cxd4 5. Nxd4 Bg7 6. Nf3 d6 7. Bf4 Bg4 8. h3
Bd7 9. Bd3 Nf6 10. O-O O-O 11. Qd2 Qb6 12. b3 Nh5 13. Be3 Qa5 14. Qc1 Qxc3 15.
Bh6 Bxh6 16. Qxh6 Qg7 17. Qe3 Nb4 18. Nd2 Rac8 19. c4 Nxd3 20. Qxd3 b5 21. cxb5
Qc3 22. Qe2 Nf4 23. Qd1 Bxb5 24. Re1 Qc2 25. Nf3 Qxd1 26. Raxd1 Be2 27. Rd2
Bxf3 28. gxf3 Rc7 29. Kh2 Rfc8 30. Kg3 Ne6 31. e5 Rc2 32. Rd3 Rxa2 33. exd6
exd6 34. Rxd6 Rcc2 35. Rf1 Nc5 36. Rd8+ Kg7 37. b4 Ne6 38. Rd3 Rab2 39. Ra3
Rxb4 40. Rxa7 Rc3 41. Re1 Kf6 42. Re3 Rbb3 43. Rxc3 Rxc3 44. Ra4 Rd3 45. Ra6
Kg7 46. Ra4 Nd4 47. Kg2 Nxf3 48. Rf4 Ne5 49. Re4 Kf6 50. f4 Nd7 51. Re1 Nc5 52.
Re5 Ne6 53. Re4 Rd4 54. Re3 Nxf4+ 55. Kg3 Rd3 56. Kxf4 Rxe3 57. Kxe3 Kf5 58.
Kf3 g5 59. Kg3 h5 60. Kf3 g4+ 61. hxg4+ hxg4+ 62. Kg2 Kf4 63. Kf2 g3+ 64. Kg1
Kf3 65. Kf1 g2+ 66. Kg1 f5 67. Kh2 Kf2 68. Kh3 g1=Q 69. Kh4 Qg6 70. Kh3 Qg4+
71. Kh2 Qg2# 0-1

[Event "DEM U10/U10w 2010"]
[Site "Oberhof GER"]
[Date "2010.05.25"]
[Round "5"]
[White "Pallas, Sebastian"]
[Black "Reuker, Jari"]
[Result "0-1"]
[Termination "normal"]
[Board "14"]
[WhiteElo "1560"]
[BlackElo "1237"]
[PlyCount "140"]
[WhiteFideId "12905453"]
[BlackFideId "12909300"]
[EventCountry "GER"]
[EventRounds "11"]
[EventType "swiss"]
[EventDate "2010.05.22"]

1. e4 d5 2. exd5 Qxd5 3. Nc3 Qa5 4. d4 Nf6 5. Bd2 c6 6. Nf3 Bf5 7. Bc4 e6 8.
O-O Nbd7 9. Nd5 Qd8 10. Nxf6+ Nxf6 11. Re1 Bd6 12. Bg5 h6 13. Bh4 Qc7 14. c3
Ng4 15. Bg3 Bxg3 16. hxg3 O-O-O 17. b4 h5 18. Qb3 Nf6 19. a4 Bg4 20. b5 Bxf3
21. gxf3 h4 22. Kg2 hxg3 23. fxg3 Rh6 24. bxc6 Qxc6 25. Qb5 Qxb5 26. axb5 Kb8
27. Be2 Nd5 28. Rac1 Rdh8 29. f4 Rg6 30. Kf3 Rh3 31. Rg1 Rf6 32. Kg2 Rhh6 33.
c4 Ne7 34. Bd3 Rh5 35. Rh1 Rfh6 36. Rxh5 Rxh5 37. Rh1 Rxh1 38. Kxh1 a6 39. bxa6
bxa6 40. c5 a5 41. Bb5 Kb7 42. g4 Nc6 43. f5 exf5 44. d5 Nd4 45. Ba4 fxg4 46.
d6 Ne6 47. c6+ Kc8 48. Kg2 f5 49. Kg3 g5 50. Bb5 Nc5 51. Bc4 Ne4+ 52. Kg2 Nxd6
53. Bb3 Kc7 54. Ba4 Ne4 55. Bb5 Nc5 56. Kf2 a4 57. Ke2 a3 58. Bc4 Kxc6 59. Kd2
f4 60. Ke2 Ne4 61. Ba2 Nc3+ 62. Kd2 Nxa2 63. Kc2 f3 64. Kb3 f2 65. Kxa2 f1=Q
66. Kxa3 Qb5 67. Ka2 Kc5 68. Ka3 Kc4 69. Ka2 Kc3 70. Ka1 Qb2# 0-1

[Event "DEM U10/U10w 2010"]
[Site "Oberhof GER"]
[Date "2010.05.25"]
[Round "5"]
[White "Gauchel, Lorenz"]
[Black "Rätzke von Stoyentin, Steffen"]
[Result "1/2-1/2"]
[Termination "normal"]
[Board "15"]
[WhiteElo "1451"]
[BlackElo "1278"]
[PlyCount "98"]
[WhiteFideId "12905283"]
[BlackFideId "12907502"]
[EventCountry "GER"]
[EventRounds "11"]
[EventType "swiss"]
[EventDate "2010.05.22"]

1. d4 Nf6 2. Bf4 c5 3. c3 Qb6 4. Qb3 Qxb3 5. axb3 cxd4 6. cxd4 Nc6 7. e3 e6 8.
Nf3 Bb4+ 9. Nbd2 d5 10. Bd3 O-O 11. O-O Re8 12. h3 Nd7 13. Rfd1 e5 14. dxe5
Ndxe5 15. Nxe5 Nxe5 16. Bxe5 Rxe5 17. Nf3 Re8 18. Nd4 Bc5 19. Nb5 Bb6 20. Rac1
Be6 21. Nc3 Red8 22. Ne2 Rac8 23. Nf4 Rxc1 24. Rxc1 d4 25. Nxe6 fxe6 26. exd4
Rxd4 27. Bc4 Rd2 28. Bxe6+ Kf8 29. Rf1 Rxb2 30. g3 Bc5 31. Kg2 a5 32. Kf3 b6
33. g4 Rd2 34. Bc4 Rc2 35. Kg3 Rc3+ 36. f3 Bd6+ 37. Kg2 Rc2+ 38. Rf2 Rxf2+ 39.
Kxf2 g5 40. Ke3 h6 41. Ke4 Kg7 42. Kf5 Bf4 43. h4 Be3 44. h5 Bf4 45. Ke6 Be3
46. Kf5 Bf4 47. Ke6 Be3 48. Ke5 Bf4+ 49. Ke4 Bd6 1/2-1/2

[Event "DEM U10/U10w 2010"]
[Site "Oberhof GER"]
[Date "2010.05.25"]
[Round "5"]
[White "Savchenko, Daniel"]
[Black "Spitzl, Vinzent"]
[Result "1-0"]
[Termination "normal"]
[Board "17"]
[WhiteElo "1237"]
[BlackElo "1711"]
[PlyCount "114"]
[WhiteFideId "12919195"]
[BlackFideId "12901253"]
[EventCountry "GER"]
[EventRounds "11"]
[EventType "swiss"]
[EventDate "2010.05.22"]

1. e4 e5 2. Nf3 Nc6 3. d4 exd4 4. Bc4 Nf6 5. O-O Nxe4 6. Re1 d5 7. Bxd5 Qxd5 8.
Nc3 Qh5 9. Rxe4+ Be7 10. Nxd4 Qxd1+ 11. Nxd1 Nxd4 12. Rxd4 O-O 13. Bf4 Be6 14.
Ne3 c5 15. Rd2 Rfd8 16. Rad1 Rxd2 17. Rxd2 Rd8 18. Rxd8+ Bxd8 19. Bd6 c4 20.
Kf1 f6 21. Ke2 Kf7 22. Kf3 Ke8 23. Ke4 Bb6 24. f4 Bxe3 25. Kxe3 Kd7 26. Bf8 g6
27. Bg7 f5 28. Be5 Kc6 29. Kd4 b5 30. c3 a5 31. a3 Bd5 32. g3 Be6 33. Bg7 h5
34. Ke5 Bf7 35. Kf6 Be8 36. Ke7 Bd7 37. Kf7 Kd5 38. Kxg6 Ke4 39. Kxh5 Kf3 40.
Kg5 Ke4 41. h4 Kd5 42. h5 Ke6 43. Bf6 Kf7 44. h6 Kg8 45. Kg6 Be8+ 46. Kxf5 Kh7
47. Bg7 Bg6+ 48. Ke6 Be8 49. f5 Kg8 50. f6 a4 51. g4 Bf7+ 52. Kf5 Kh7 53. g5
Bg6+ 54. Ke6 Kg8 55. Kd6 Be8 56. Kc5 Kh7 57. f7 Bxf7 1-0

[Event "DEM U10/U10w 2010"]
[Site "Oberhof GER"]
[Date "2010.05.25"]
[Round "5"]
[White "Renger, Niklas"]
[Black "Siegl, Adrian"]
[Result "1-0"]
[Termination "normal"]
[Board "18"]
[WhiteElo "1320"]
[BlackElo "1198"]
[PlyCount "129"]
[WhiteFideId "12908096"]
[BlackFideId "12930156"]
[EventCountry "GER"]
[EventRounds "11"]
[EventType "swiss"]
[EventDate "2010.05.22"]

1. e4 c5 2. d4 e6 3. Bc4 cxd4 4. c3 dxc3 5. Nxc3 Nc6 6. Nf3 Bc5 7. O-O Nge7 8.
Bf4 O-O 9. Qe2 d5 10. exd5 exd5 11. Bd3 Bf5 12. Bxf5 Nxf5 13. Qd3 Nfd4 14. Nxd4
Bxd4 15. Rac1 Qd7 16. Rfd1 Rad8 17. Rd2 Rfe8 18. b4 a6 19. a4 Bxc3 20. Qxc3 d4
21. Qb3 Qe7 22. h3 Qxb4 23. Qg3 Ne5 24. Bxe5 Rxe5 25. Qxe5 Qxd2 26. Re1 Rf8 27.
Re2 Qd1+ 28. Kh2 Qxa4 29. Re4 Rd8 30. f4 Qb4 31. f5 Kf8 32. f6 gxf6 33. Qh5 f5
34. Qh6+ Kg8 35. Qg5+ Kh8 36. Qxd8+ Kg7 37. Qxd4+ Qxd4 38. Rxd4 Kf6 39. Rd2 Ke6
40. Rb2 b5 41. Ra2 Kd5 42. Rxa6 Kc4 43. Ra7 h6 44. Rxf7 b4 45. Rxf5 b3 46. Rf1
Kc3 47. Kg3 Kc2 48. Kg4 b2 49. Kh5 b1=Q 50. Rxb1 Kxb1 51. Kxh6 Kc2 52. g4 Kd3
53. g5 Ke4 54. g6 Kf5 55. g7 Kf4 56. g8=Q Kf3 57. Qg4+ Kf2 58. Kg5 Ke3 59. Qc4
Kf3 60. Qd3+ Kf2 61. Kf4 Kg2 62. Qf3+ Kh2 63. Qg4 Kh1 64. Kf3 Kh2 65. Qg2# 1-0

[Event "DEM U10/U10w 2010"]
[Site "Oberhof GER"]
[Date "2010.05.25"]
[Round "5"]
[White "Mätzkow, Maximilian Paul"]
[Black "Ramien, David"]
[Result "1-0"]
[Termination "normal"]
[Board "19"]
[WhiteElo "1470"]
[BlackElo "1172"]
[PlyCount "97"]
[WhiteFideId "24679933"]
[BlackFideId "12948241"]
[EventCountry "GER"]
[EventRounds "11"]
[EventType "swiss"]
[EventDate "2010.05.22"]

1. d4 Nf6 2. Nf3 g6 3. e3 Bg7 4. Bd3 d6 5. O-O Bg4 6. Nbd2 O-O 7. h3 Bxf3 8.
Nxf3 Nbd7 9. c3 e5 10. e4 exd4 11. Nxd4 Re8 12. Bg5 Nc5 13. Re1 a5 14. f4 Qd7
15. Bxf6 Bxf6 16. f5 Bh4 17. Re2 Qe7 18. g4 Qe5 19. Re3 Bg5 20. Rf3 Nxe4 21.
fxg6 fxg6 22. Qb3+ d5 23. Re1 c5 24. Rxe4 c4 25. Rxe5 cxb3 26. Rxe8+ Rxe8 27.
axb3 Re1+ 28. Kg2 Be3 29. Rf1 Rxf1 30. Kxf1 Bc1 31. Ke2 Bxb2 32. Nb5 Kg7 33.
Ke3 Kf6 34. h4 g5 35. h5 h6 36. Kd4 Ke6 37. Bf5+ Ke7 38. Kxd5 Kd8 39. Kd6 Ba1
40. Ke6 Kc8 41. Kf6+ Kb8 42. Kg6 Ka8 43. Kxh6 Kb8 44. Kxg5 Ka8 45. h6 b6 46. h7
Kb7 47. h8=Q Ka6 48. Bd7 Kb7 49. Qc8# 1-0

[Event "DEM U10/U10w 2010"]
[Site "Oberhof GER"]
[Date "2010.05.25"]
[Round "5"]
[White "Walker, Julia"]
[Black "Poghosyan, Tigran"]
[Result "0-1"]
[Termination "normal"]
[Board "20"]
[WhiteElo "1145"]
[BlackElo "1387"]
[PlyCount "93"]
[WhiteFideId "1271852"]
[BlackFideId "12909319"]
[EventCountry "GER"]
[EventRounds "11"]
[EventType "swiss"]
[EventDate "2010.05.22"]

1. e4 c5 2. c3 Nf6 3. e5 Nd5 4. d4 cxd4 5. Nf3 Nc6 6. cxd4 d6 7. a3 g6 8. Bc4
Nb6 9. Bd3 Bg7 10. Qe2 dxe5 11. dxe5 Bg4 12. Bb5 O-O 13. Bxc6 bxc6 14. O-O Qc7
15. Nc3 Bxf3 16. Qxf3 Bxe5 17. h3 Bg7 18. Bf4 e5 19. Bg3 Rad8 20. Ne4 Nd5 21.
Rac1 f5 22. Nc5 Qe7 23. Qe2 f4 24. Bh2 Bh6 25. Qg4 f3 26. Rc2 fxg2 27. Re1 Rde8
28. Qe2 Bf4 29. Bxf4 Nxf4 30. Qc4+ Kg7 31. Kh2 Qh4 32. Qc3 Nd5 33. Qd2 Qf4+ 34.
Qxf4 Nxf4 35. Ne4 Rb8 36. Rxc6 Rxb2 37. Rc7+ Rf7 38. Rxf7+ Kxf7 39. Ng5+ Kg7
40. Nf3 Rxf2 41. Ng1 Kf6 42. Rd1 e4 43. Re1 Ke5 44. Re3 Kd4 45. Rb3 e3 46. Rb1
Ne2 47. Nxe2+ 0-1

[Event "DEM U10/U10w 2010"]
[Site "Oberhof GER"]
[Date "2010.05.25"]
[Round "5"]
[White "Riedel, Matthias"]
[Black "Rogozenco, Teodora Nana"]
[Result "1-0"]
[Termination "normal"]
[Board "21"]
[WhiteElo "1366"]
[BlackElo "1186"]
[PlyCount "89"]
[WhiteFideId "1271820"]
[BlackFideId "12938084"]
[EventCountry "GER"]
[EventRounds "11"]
[EventType "swiss"]
[EventDate "2010.05.22"]

1. e4 c6 2. d4 d5 3. Nc3 dxe4 4. Nxe4 Bf5 5. Ng3 Bg6 6. h4 h6 7. h5 Bh7 8. Bc4
e6 9. Bf4 Nf6 10. Nf3 Be7 11. Qe2 Qa5+ 12. Bd2 Qb6 13. O-O-O O-O 14. Bd3 Na6
15. Bxh7+ Nxh7 16. c3 Qa5 17. Kb1 Qb6 18. Ka1 Nc7 19. Ne5 a5 20. Nd7 Qa7 21.
Nxf8 Kxf8 22. f4 b5 23. f5 b4 24. fxe6 Nxe6 25. Rhf1 Nf6 26. Ne4 Nd7 27. Be3
bxc3 28. bxc3 Qa6 29. Qxa6 Rxa6 30. d5 cxd5 31. Rxd5 Nf6 32. Nxf6 Bxf6 33. Kb2
Nc7 34. Rc5 Re6 35. Rxc7 Rxe3 36. Rf2 Ke8 37. Kb3 Re7 38. Rxe7+ Kxe7 39. c4 g6
40. Ka4 Bc3 41. Rf3 Bb4 42. a3 Bd6 43. hxg6 fxg6 44. Kxa5 Bxa3 45. Rxa3 1-0

[Event "DEM U10/U10w 2010"]
[Site "Oberhof GER"]
[Date "2010.05.25"]
[Round "5"]
[White "Tong, Kevin"]
[Black "Nguyen, Huy Dat"]
[Result "1/2-1/2"]
[Termination "normal"]
[Board "22"]
[WhiteElo "1117"]
[BlackElo "1363"]
[PlyCount "82"]
[WhiteFideId "12913944"]
[BlackFideId "12923486"]
[EventCountry "GER"]
[EventRounds "11"]
[EventType "swiss"]
[EventDate "2010.05.22"]

1. e4 c5 2. Nf3 Nc6 3. d4 cxd4 4. Nxd4 g6 5. c4 Bg7 6. Be3 Nf6 7. Nc3 O-O 8.
Be2 d6 9. O-O Bd7 10. Qd2 Nxd4 11. Bxd4 Bc6 12. f3 a5 13. b3 Nd7 14. Rfd1 Nc5
15. Rac1 Qb6 16. Nd5 Bxd5 17. exd5 Bxd4+ 18. Qxd4 a4 19. Rb1 axb3 20. axb3 Nd7
21. Qxb6 Nxb6 22. Ra1 Rxa1 23. Rxa1 Ra8 24. Re1 f5 25. f4 Kf7 26. Kf2 Ra3 27.
Bd1 Ra2+ 28. Re2 Rxe2+ 29. Kxe2 e6 30. dxe6+ Kxe6 31. Kd3 Nd7 32. b4 b6 33. Bf3
h6 34. g4 fxg4 35. Bxg4+ Ke7 36. Kd4 Nf6 37. Bh3 Kd8 38. Be6 Ke7 39. Bd5 g5 40.
fxg5 hxg5 41. h3 Kd7 1/2-1/2